[Event "Hastings Weekend op-B"]
[Site "Hastings"]
[Date "2024.01.06"]
[Round "1"]
[White "Knott, Gavin A"]
[Black "Harrison, Oliver"]
[Result "1-0"]
[WhiteElo "1875"]
[BlackElo "1471"]
[PlyCount "83"]
[EventDate "2024.01.06"]
[EventType "swiss"]
[EventRounds "5"]
[EventCountry "ENG"]
[SourceTitle "CB02_2024"]
[SourceDate "2024.01.10"]
[SourceVersion "1"]
[SourceVersionDate "2024.01.10"]
[SourceQuality "1"]

1. d4 Nf6 2. c4 e6 3. Nc3 Bb4 4. e3 c5 5. Nge2 cxd4 6. exd4 d5 7. a3 Ba5 8. c5 0-0 9. Bf4 Nc6 10. Bd6 Re8 11. b4 Bc7 12. Nb5 Bb8 13. Nec3 e5 14. dxe5 Nxe5 15. Be2 Nc4 16. Bxb8 Rxb8 17. 0-0 a6 18. Bxc4 dxc4 19. Nd6 Re7 20. Nxc4 Be6 21. Nb6 Qc7 22. h3 Rd8 23. Qc2 Rd4 24. Rfd1 Rh4 25. Rd6 Re8 26. Rad1 Qe7 27. Qd3 Bb3 28. Ncd5 Nxd5 29. Nxd5 Bxd5 30. Qxd5 a5 31. Rd7 Qf6 32. Rd8 Rhe4 33. Rxe8+ Rxe8 34. Qxb7 axb4 35. axb4 h6 36. c6 Re2 37. Qb6 Rc2 38. Qd8+ Qxd8 39. Rxd8+ Kh7 40. b5 Rc5 41. b6 Rxc6 42. b7 1-0